| 000 | 01085nam a22003377a 4500 | ||
|---|---|---|---|
| 001 | 000738 | ||
| 003 | DO-SdBNP | ||
| 005 | 20180213151340.0 | ||
| 007 | 000738 | ||
| 008 | 161124b 1992 sp a ||||| |||| 00| 0 spa d | ||
| 020 | _a8434811383 | ||
| 040 |
_aBPMSU _bspa _cBPMSU |
||
| 082 |
_axxxx _bxxxx |
||
| 100 | 1 | _aWilson, Eric | |
| 240 | 1 |
_aVancouver nightmare. _lEspañol |
|
| 245 | 1 | 0 |
_aPesadilla en Vancúver / _cEric Wilson ; traducción del inglés, Pedro Barbadillo ; ilustraciones, Tom McNeely. |
| 250 | _a13ª ed. | ||
| 260 |
_aMadrid : _bSM, _c1992. |
||
| 300 |
_a161 p. : _bil. ; _c19 cm. |
||
| 490 | 1 |
_aEl barco de vapor. Serie naranja _v38 |
|
| 490 | 1 |
_aEl barco de vapor _v17 |
|
| 500 | _aApartir de 9 años | ||
| 500 | _aIncluye datos del autor. | ||
| 700 | 1 | 2 |
_aMcNeely, Tom, _eil. |
| 700 | 1 | 2 |
_aBarbadillo, Pedro (Barbadillo Gómez) _etr. |
| 830 | 0 |
_aEl barco de vapor. Serie naranja ; _v38 |
|
| 830 | 0 |
_aEl barco de vapor ; _v17 |
|
| 942 |
_2ddc _cBK |
||
| 945 | _aInventariado, 2018 / YL | ||
| 956 |
_2LOPEREZ _310 _620161124 _8BPMSU _a00041 |
||
| 999 |
_c12086 _d12086 |
||